| 000 | 00686nam a22002537a 4500 | ||
|---|---|---|---|
| 001 | 0074 | ||
| 003 | DO-SdBNP | ||
| 005 | 20180213112633.0 | ||
| 007 | 0074 | ||
| 008 | 151021b dr 2009 xxu||||| |||| 00| 0 spa d | ||
| 020 | _a9789945162318 | ||
| 040 |
_aBPMSU _bspa _cBPMSU |
||
| 092 |
_aRD863.44 _bR457p, 2009 |
||
| 100 | 1 | 0 | _aReyes, Freddy |
| 245 | 1 | 3 |
_aEl paseo / _cFreddy Reyes |
| 250 | _a2a ed. | ||
| 260 |
_aSanto Domingo : _bBúho, _c2009 |
||
| 300 |
_a286 p. : _c23 cm. |
||
| 500 | _aIncluye datos biográficos del autor en las solapas | ||
| 910 | _aValidado. Control de calidad MFF | ||
| 942 |
_2ddc _cBK |
||
| 945 | _aInventariado / 2018 VM | ||
| 956 | _aBrenda Tavárez | ||
| 999 |
_c8420 _d8420 |
||